000
00334 a2200109 4500
001
ART_18876
005
20260410161704.0
008
260409a
245
1
0
_a
IVA. Régimen de retención, de percepción y de pagos a cuenta.
100
1
_a
Oklander, Juan
773
0
_t
Revista Impuestos
_g
- Nº 9 (ago. 2010)
_w
REV639
999
_c
15416
_d
15416